Advanced onsite wastewater systems technologies

Saved in:
Bibliographic Details
Main Author: Jantrania, Anish R.
Other Authors: Gross, Mark Allen
Format: Book
Language:English
Published: Boca Raton, FL : CRC/Taylor & Francis, 2006
Subjects:
Tags: Add Tag
No Tags, Be the first to tag this record!

MARC

LEADER 00000cam a2200000 i 4500
001 1/99573
008 081216s2006 eng d
020 |a 0-8493-3029-7 
035 |l 10102516 
040 |a GR-MY-UA  |b gre  |e aacr 
041 0 |a eng 
082 0 |a 628.3  |2 (22) 
100 1 |a Jantrania, Anish R. 
245 1 0 |a Advanced onsite wastewater systems technologies /  |c Anish R. Jantrania, Mark A. Gross 
260 |a Boca Raton, FL :   |b CRC/Taylor & Francis,   |c 2006 
300 |a 261 σ.;  |b εικ., πίν., 1 χάρτης;  |c 24 εκ. 
504 |a Περιέχει βιβλιογραφικές παραπομπές και ευρετήριο 
650 0 0 |a Sewage disposal, Rural. 
700 1 |a Gross, Mark Allen. 
852 |a INST  |b LESVOS  |e 20081216  |h 628.3 JAN  |p 005100044098  |q 005100044098  |t BK  |y 0 
901 |a BIBL1-2008-3 
909 |a Λ  |b 141217 
920 |a ΕΠΕΑΕΚ ΠΜΣ Περιβαλλοντική και Οικολογική Μηχανική  |y Λέσβος  |z 2008-12 
970 |a Γιαλαμά  |b Μαρία  |z 2008/12/16